| 000 | 01378nab a2200337 i 4500 | ||
|---|---|---|---|
| 003 | EG-GICUC | ||
| 005 | 20260412112326.0 | ||
| 008 | 260412s1985 ua fr|j| |||| 00| 0 ara d | ||
| 040 |
_aEG-GICUC _cEG-GICUC _dEG-GICUC _erda _bara |
||
| 041 | _aara | ||
| 082 | 0 | 4 |
_a341.68 _221 _bع ل . ظ |
| 092 | 0 | 4 | _221 |
| 099 | _aLaw1 11 341.68 ع ل . ظ 1985 | ||
| 100 | 1 |
_aعلي إبراهيم _eمؤلف. |
|
| 245 | 0 | 0 |
_aظاهرة الحروب الأهلية في الديار العربية / _c .علي إبراهيم |
| 264 | 0 | 1 |
_aالقاهرة : _bكلية الحقوق-جامعة عين شمس، _c1985 - |
| 300 |
_c24 سم. _a180 ؛ صفحة _bإيضاحيات، صور، مثيليات ؛ |
||
| 336 |
_2rda content _aText |
||
| 337 |
_2rda media _aunmediated |
||
| 338 |
_2rda carrier _avolume |
||
| 362 | 0 | _a. | |
| 500 | _aمستخرج من مجلة العلوم القانونية والاقتصادية العدد الأول والثاني - يناير ويوليو ۱۹۸۵ - السنة السابعة والعشرون | ||
| 504 | _a. 240-220 ببليوجرافيا: صفحات. | ||
| 546 | _aالنص باللغة العربية | ||
| 650 | 1 |
_aالقانون الدولى _2qrmak |
|
| 650 | 1 | _2الحرب الأهلية | |
| 651 | 1 | _2qrmak | |
| 856 | _uhttps://fll.law.cu.edu.eg/fulltext/cr/B11-05741.pdf | ||
| 905 | _a60 | ||
| 942 |
_2ddc _cBK _n0 _e21 |
||
| 999 |
_c70186 _d70186 |
||